[Event "30th Balaton IM"]
[Site "Heviz HUN"]
[Date "2012.09.29"]
[Round "7.1"]
[White "Izso,D"]
[Black "Stips,F"]
[Result "1-0"]
[WhiteElo "2322"]
[BlackElo "2221"]

1.e4 d5 2.exd5 Qxd5 3.Nc3 Qd6 4.d4 Nf6 5.Nf3 c6 6.Ne5 Nbd7 7.Nc4 Qc7 8.Qf3 Nb6
9.Bf4 Qd7 10.Nxb6 axb6 11.O-O-O e6 12.Be5 Nd5 13.Bc4 f6 14.Bg3 Bb4 15.Nxd5 exd5
16.Bb3 Qf5 17.Qe2+ Kf7 18.c3 Re8 19.Qd2 Bf8 20.f3 b5 21.h4 Qh5 22.Bf4 f5
23.a3 Be6 24.Rdg1 Ke7 25.Bd1 Kd7 26.g4 Qf7 27.h5 Kc8 28.Re1 b6 29.Bc2 Kb7
30.Rhg1 fxg4 31.fxg4 Qd7 32.Qg2 Bg8 33.Be5 c5 34.Bf5 Qc6 35.Kb1 Ra4 36.Rc1 Rea8
37.Rge1 g6 38.hxg6 hxg6 39.Bc2 R4a7 40.Rf1 Be7 41.g5 b4 42.cxb4 c4 43.Bd1 Bxb4
44.axb4 Ra1+ 45.Kc2 Qa4+ 46.Kd2 Qxb4+ 47.Rc3 R1a2 48.Bc2 Rxb2 49.Rc1 Ra3
50.Qg3 Kc6 51.Qh3 Kb5 52.Qd7+ Ka6 53.Qc8+ Kb5 54.Qe8+ Ka6 55.Qa8+ Kb5 56.Qxa3 Be6  1-0

[Event "TCh-FIN SM 2012-13"]
[Site "Jyvaskyla FIN"]
[Date "2012.09.29"]
[Round "2.7"]
[White "Saastamoinen,A"]
[Black "Koykka,P"]
[Result "0-1"]
[WhiteElo "2135"]
[BlackElo "2242"]

1.e4 d5 2.exd5 Qxd5 3.Nc3 Qd6 4.d4 Nf6 5.Be2 a6 6.h3 Nbd7 7.Nf3 b5 8.O-O Bb7
9.Re1 e6 10.Bf1 Be7 11.a4 b4 12.Ne2 Bxf3 13.gxf3 O-O 14.Bf4 Qc6 15.Bg2 Nd5
16.Bg3 a5 17.Qd3 N7b6 18.b3 Qb7 19.Nf4 Nf6 20.Rad1 Rfd8 21.Qe2 c6 22.h4 Rd7
23.Rd3 Rad8 24.Red1 Nbd5 25.Nxd5 Nxd5 26.R1d2 Bd6 27.Qe4 Qc7 28.Be5 f6 29.Bxd6 Qxd6
30.Qe1 Nf4 31.Re3 c5 32.c3 bxc3 33.Rxc3 cxd4 34.Rc4 e5 35.Bf1 f5  0-1

[Event "72nd ch-UKR w 2012"]
[Site "Kharkiv UKR"]
[Date "2012.09.29"]
[Round "5.5"]
[White "Dolzhikova,K"]
[Black "Rakhmangulova,A"]
[Result "1-0"]
[WhiteElo "2313"]
[BlackElo "2254"]

1.e4 d5 2.exd5 Qxd5 3.Nc3 Qd6 4.d4 Nf6 5.Nf3 Bg4 6.h3 Bh5 7.g4 Bg6 8.Ne5 Nbd7
9.Nxg6 hxg6 10.Bg2 c6 11.g5 Nd5 12.O-O Nxc3 13.bxc3 Nb6 14.Rb1 O-O-O 15.Qg4+ Qd7
16.Qf3 e6 17.a4 Bd6 18.a5 Nd5 19.a6 b6 20.c4 Ne7 21.c5 Bc7 22.Bf4 Nf5 23.cxb6 axb6
24.Be5 Nh4 25.Qxc6 Qxc6 26.Bxc6 Bxe5 27.dxe5 Kc7 28.Be4 Nf5 29.a7 Nd4 30.Rb4 b5
31.Rxd4 Rxd4 32.a8=Q Rxa8 33.Bxa8 Rc4 34.Rb1 Kb6 35.Rd1 Rxc2 36.Rd7 Rc5 37.f4 Rc1+
38.Kf2 Rc2+ 39.Kg3 Rc3+ 40.Kg4 Rc8 41.Be4 Rf8 42.Kf3 f6 43.gxf6 gxf6 44.Rd6+  1-0

[Event "21st TCh-CRO 1b 2012"]
[Site "Sibenik CRO"]
[Date "2012.09.29"]
[Round "7.2"]
[White "Orak,L"]
[Black "Bender,I"]
[Result "1/2-1/2"]
[WhiteElo "2307"]
[BlackElo "2287"]

1.e4 d5 2.exd5 Qxd5 3.Nc3 Qd6 4.d4 Nf6 5.Nf3 c6 6.Bc4 Be6 7.Bxe6 Qxe6+ 8.Qe2 Qd6
9.O-O e6 10.Ne4 Nxe4 11.Qxe4 Nd7 12.c4 Nf6 13.Qe2 h6 14.Bd2 Be7 15.Bc3 O-O
16.Ne5 Rac8 17.Rad1 Rfe8 18.Rd2 Qc7 19.f4 c5 20.dxc5 Bxc5+ 21.Kh1 Rcd8 22.Rfd1 Rxd2
23.Rxd2 Rd8 24.Rxd8+ Qxd8 25.b4  1/2-1/2

[Event "Tatry Open 2012"]
[Site "Tatranske Zruby SVK"]
[Date "2012.09.29"]
[Round "8.19"]
[White "Kracik,D"]
[Black "Kernazhitsky,L"]
[Result "0-1"]
[WhiteElo "2059"]
[BlackElo "2305"]

1.e4 d5 2.exd5 Qxd5 3.Nc3 Qd6 4.Bc4 Nf6 5.d3 Nc6 6.Nb5 Qd8 7.Nf3 a6 8.Nc3 Bg4
9.Ng5 Ne5 10.f3 Nxc4 11.fxg4 Ne5 12.d4 Nexg4 13.h3 Nh6 14.Qf3 c6 15.O-O e6
16.Nxe6 fxe6 17.Bxh6 Qxd4+ 18.Be3 Qc4 19.Rad1 Qb4 20.Kh1 Be7 21.Bd4 O-O 22.a3 Qxb2
23.Nd5 Qxa3 24.Nxf6+ Rxf6 25.Bxf6 Qxf3 26.Rxf3 Bxf6 27.Rd7 b5 28.Rc7 a5 29.Rxc6 a4
30.Ra3 b4 31.Ra2 Kf7 32.Rc7+ Kg6 33.Rb7 Bc3 34.Kg1 a3 35.Rc7 Kf5 36.Kf2 Ke4
37.Ke2 Rd8 38.Rc4+ Rd4 39.Rxd4+ Kxd4  0-1

[Event "72nd ch-UKR w 2012"]
[Site "Kharkiv UKR"]
[Date "2012.09.30"]
[Round "6.4"]
[White "Gaponenko,I"]
[Black "Rakhmangulova,A"]
[Result "1/2-1/2"]
[WhiteElo "2404"]
[BlackElo "2254"]

1.e4 d5 2.exd5 Qxd5 3.Nc3 Qd6 4.d4 Nf6 5.Nge2 Bg4 6.f3 Bf5 7.Bf4 Qd7 8.Ng3 Bg6
9.h4 h5 10.d5 e6 11.dxe6 Qxe6+ 12.Qe2 Qxe2+ 13.Bxe2 c6 14.O-O-O Nbd7 15.Bd3 O-O-O
16.Bg5 Bb4 17.Nce2 Ne5 18.Bf5+ Kc7 19.Bf4 Rxd1+ 20.Rxd1 Re8 21.Bxg6 fxg6
22.Bxe5+ Rxe5 23.Nf4 Nd5 24.Nd3 Re8 25.c4 Bd6 26.Ne4 Bf4+ 27.Nxf4 Nxf4 28.g3 Ne6
29.Rd6 g5 30.hxg5 Nxg5 31.Rg6 Nxe4 32.Rxg7+ Kb6 33.fxe4 Rxe4 34.c5+ Kxc5
35.Rxb7 a5 36.Rh7 Re5 37.Rg7 Kd4 38.Kd2 Rb5 39.b3 a4 40.g4 axb3 41.axb3 Rxb3
42.gxh5 Rb2+ 43.Kc1 Rh2  1/2-1/2

[Event "TCh-FIN SM 2012-13"]
[Site "Porvoo FIN"]
[Date "2012.09.30"]
[Round "2.7"]
[White "Pulkkinen,K"]
[Black "Valli,F"]
[Result "0-1"]
[WhiteElo "2260"]
[BlackElo "2262"]

1.e4 d5 2.exd5 Qxd5 3.Nc3 Qd6 4.d4 Nf6 5.Nf3 c6 6.Ne5 Nbd7 7.Bf4 Nd5 8.Nxd5 Qxd5
9.f3 Nxe5 10.Bxe5 Bf5 11.Bd3 Bxd3 12.Qxd3 Rd8 13.Rd1 f6 14.Bg3 Qxa2 15.O-O Qd5
16.c4 Qd7 17.Qe4 e6 18.Rfe1 Kf7 19.Bf2 g6 20.Rd3 Bg7 21.Red1 Rhe8 22.Qe2 Bf8
23.Qd2 a6 24.Qa5 Bd6 25.g3 Qc7 26.Qd2 Qe7 27.Kg2 Rd7 28.Qc2 Rdd8 29.Qb3 Qc7
30.Qc2 Kg7 31.Qd2 Qe7 32.f4 Bb4 33.Qe3 Kf7 34.h3 Bd6 35.Qf3 Qc7 36.Rb3 Rd7
37.Rbd3 Red8 38.Bg1 Bf8 39.g4 Bh6 40.Bh2 Qb6 41.Rb3 Qa5 42.Bg1 Qa4 43.Rc3 Qb4
44.f5 Qxb2+ 45.Kh1 exf5 46.gxf5 Re8 47.Rf1 Bg5 48.h4 Bxh4 49.fxg6+ hxg6 50.Qh3 f5
51.Rxf5+ gxf5 52.Qxf5+ Bf6 53.Qxd7+ Re7 54.Qh3 Qe2 55.Rf3 Qe4 56.Qg2 Re8
57.d5 Qxc4 58.d6 Qd5 59.d7 Qxd7 60.Qb2 Rh8+ 61.Bh2 Qd1+  0-1

[Event "TCh-Central SRB 2012"]
[Site "Vrnjacka Banja SRB"]
[Date "2012.09.30"]
[Round "2.5"]
[White "Sorgic,D"]
[Black "Prelevic,D"]
[Result "1/2-1/2"]
[WhiteElo "2257"]
[BlackElo "2337"]

1.e4 d5 2.exd5 Qxd5 3.Nc3 Qd6 4.d4 Nf6 5.Nf3 c6 6.h3 g6 7.Bd3 Bg7 8.O-O O-O
9.Qe2 Nbd7 10.Re1 e6 11.Bg5 b5 12.a4 b4 13.Ne4 Qc7 14.Qd2 a5  1/2-1/2

[Event "US Chess League 2012"]
[Site "ICC INT"]
[Date "2012.10.04"]
[Round "5"]
[White "Ginsburg,M"]
[Black "Liou,Y"]
[Result "1-0"]
[WhiteElo "2358"]
[BlackElo "2352"]

1.e4 d5 2.exd5 Qxd5 3.Nc3 Qd6 4.g3 Nf6 5.Bg2 c6 6.Nf3 Bg4 7.O-O e6 8.d3 Be7
9.Qe1 O-O 10.Ne5 Bh5 11.a4 Na6 12.Nc4 Qd8 13.Bd2 Nb4 14.Qb1 Bg6 15.Rd1 h6
16.a5 Rc8 17.Ne4 Nbd5 18.a6 b6 19.Ne5 Bh5 20.Re1 Qc7 21.d4 c5 22.c4 Nxe4
23.Qxe4 Nf6 24.Qb7 Bd6 25.Nc6 Ra8 26.dxc5 bxc5 27.Qxc7 Bxc7 28.Ne7+ Kh7 29.Bxa8 Rxa8
30.Nc6 Nd7 31.Kg2 Bg6 32.Ba5 Nb6 33.Rad1 Bc2 34.Rd2 Ba4 35.Ne5 f6 36.Bxb6 axb6
37.Ra1 Rxa6 38.b3 Bc6+ 39.Nxc6 Rxa1 40.f4 Ra3 41.Rd7 Bxf4 42.gxf4 Rxb3 43.Nd8 Rb2+
44.Kf3 e5 45.f5 Rxh2 46.Ne6 h5 47.Rxg7+ Kh8 48.Rg6 Rh4 49.Rxf6 Rxc4 50.Kg3 b5
51.Rg6 Rc1 52.Kh4 b4 53.f6 Rf1 54.Ng5 Rh1+ 55.Kg3 h4+ 56.Kg2 Ra1 57.Nf7+  1-0

[Event "TCh-Central SRB 2012"]
[Site "Vrnjacka Banja SRB"]
[Date "2012.10.05"]
[Round "9.6"]
[White "Stojanovski,D"]
[Black "Milanovic,Sla"]
[Result "1/2-1/2"]
[WhiteElo "2435"]
[BlackElo "2426"]

1.e4 d5 2.exd5 Qxd5 3.Nc3 Qd6 4.d4 Nf6 5.Nf3 a6 6.g3 b5 7.Bg2 Bb7 8.O-O e6
9.Bf4 Qb6 10.Ne5 Bxg2 11.Kxg2 Qb7+ 12.Qf3 Qxf3+ 13.Kxf3 Bd6 14.Ne4  1/2-1/2

[Event "TCh-AUT 2 East 2012-13"]
[Site "Austria AUT"]
[Date "2012.10.06"]
[Round "1.3"]
[White "Pichler,Mi"]
[Black "Kreindl,H"]
[Result "0-1"]
[WhiteElo "2255"]
[BlackElo "2207"]

1.e4 d5 2.exd5 Qxd5 3.Nc3 Qd6 4.d4 Nf6 5.Nf3 c6 6.Ne5 Nbd7 7.Nc4 Qc7 8.Qf3 Nb6
9.Bf4 Qd7 10.Nxb6 axb6 11.O-O-O Qg4 12.Qe3 Qe6 13.d5 Qxe3+ 14.Bxe3 b5 15.Bc5 e6
16.Bxf8 Rxf8 17.dxc6 bxc6 18.a3 Ke7 19.Be2 Bd7 20.Bf3 Rab8 21.b3 Rfc8 22.Rhe1 c5
23.Kb2 b4 24.Nd5+ Nxd5 25.Bxd5 bxa3+ 26.Kxa3 Bc6 27.Bxc6 Rxc6 28.Re4 Rd6
29.Rxd6 Kxd6 30.Kb2 g5 31.Kc3 f5 32.Ra4 h5 33.Kc4 f4 34.Ra6+ Ke5 35.Kxc5 Rc8+
36.Rc6 Rd8 37.Kc4 Rd2 38.Rc5+ Kf6 39.c3 Rxf2 40.b4 Rxg2 41.b5 Rb2  0-1

[Event "TCh-AUT 2 West 2012-13"]
[Site "Salzburg AUT"]
[Date "2012.10.06"]
[Round "2.4"]
[White "Mons,L"]
[Black "Ljubic,J"]
[Result "1-0"]
[WhiteElo "2339"]
[BlackElo "2204"]

1.e4 d5 2.exd5 Qxd5 3.Nc3 Qd6 4.d4 Nf6 5.Nf3 a6 6.g3 Bg4 7.h3 Bxf3 8.Qxf3 Nc6
9.Be3 g6 10.O-O-O Bg7 11.Bf4 Qd7 12.d5 Na7 13.h4 Nb5 14.Nxb5 axb5 15.Qb3 O-O
16.Bxb5 Qc8 17.Bc4 Ne4 18.Qe3 Nd6 19.Bb3 Qd7 20.h5 b5 21.hxg6 fxg6 22.Bh6 Bxh6
23.Qxh6 Rf7 24.f4 Nc4 25.Qh3 Qxh3 26.Rxh3 Na5 27.Kb1 Nxb3 28.axb3 Rd8 29.Rh2 Rf5
30.Rhd2 g5 31.fxg5 Rxg5 32.Rd3 Rg4 33.Re1 Kf7 34.Re5 Rd6 35.Rf3+ Ke8 36.Rfe3 Rd7
37.Rh5 Rd4 38.Rxh7 Rd1+ 39.Ka2 c6 40.b4 R1xd5 41.Re6 Rc7 42.Rg6 Kd7 43.g4 c5
44.Rh5 Rxh5 45.gxh5 cxb4 46.Rg2 Rc6 47.Kb3 Rf6 48.Kxb4 Rf4+ 49.Kxb5 Rf5+
50.Kb6 Rxh5 51.c4 Rh6+ 52.Kb7 Rd6 53.b4 Rd4 54.Rc2 Rd1 55.b5 e5 56.c5 Rb1
57.b6  1-0

[Event "1st OCF FIDE Fall Open"]
[Site "Stillwater USA"]
[Date "2012.10.06"]
[Round "2.10"]
[White "Latino,C"]
[Black "Szabad,Istvan"]
[Result "1-0"]
[WhiteElo "1980"]
[BlackElo "1790"]

1.e4 d5 2.exd5 Qxd5 3.Nc3 Qd6 4.d4 Nf6 5.Nf3 a6 6.Be2 b5 7.O-O Bb7 8.Ng5 e6
9.Bf3 Bxf3 10.Qxf3 c6 11.Rd1 Be7 12.Bf4 Qd7 13.Be5 O-O 14.Nge4 Ne8 15.Qg3  1-0

[Event "1st OCF FIDE Fall Open"]
[Site "Stillwater USA"]
[Date "2012.10.06"]
[Round "2.6"]
[White "Lin,K"]
[Black "Duke,Brian E"]
[Result "1-0"]
[WhiteElo "1930"]
[BlackElo "1597"]

1.e4 d5 2.exd5 Qxd5 3.Nc3 Qd6 4.d4 Nf6 5.Nf3 c6 6.Bc4 Bg4 7.Be3 e6 8.h3 Bh5
9.Qd2 Bxf3 10.gxf3 Nbd7 11.O-O-O O-O-O 12.Bf4 Qe7 13.Ne4 g6 14.Nd6+ Qxd6
15.Bxd6 Bxd6 16.Qc3  1-0

[Event "TCh-AUT 2 West 2012-13"]
[Site "Hohenems AUT"]
[Date "2012.10.07"]
[Round "3.6"]
[White "Matt,F"]
[Black "Fruehauf,N"]
[Result "1-0"]
[WhiteElo "2233"]
[BlackElo "2061"]

1.e4 d5 2.exd5 Qxd5 3.Nc3 Qd6 4.d4 Nf6 5.Nf3 c6 6.Ne5 Nbd7 7.Bf4 Nd5 8.Nxd5 Qxd5
9.Qd3 Nxe5 10.dxe5 Be6 11.Qxd5 Bxd5 12.c4 Be4 13.O-O-O Rd8 14.Be3 Rxd1+ 15.Kxd1 b6
16.f3 Bg6 17.c5 b5 18.a4 b4 19.e6 a5 20.Bb5 Kd8 21.Bxc6 fxe6 22.Ke2 e5 23.Bb5 Bf5
24.Rd1+ Kc7 25.Rd5 Bc8 26.Rxe5 e6 27.Bf4 Kb7 28.Bd3 Be7 29.Be4+ Ka6 30.c6 Bd6
31.Bd3+ Kb6 32.Be3+ Kxc6 33.Rxa5 Bxh2 34.Ra7 Be5 35.Be4+ Kd6 36.Bd2 Bxb2
37.Bxb4+ Ke5 38.a5 h5 39.Ra8 Re8 40.Bc6 Bd7 41.Rxe8 Bxc6 42.Rc8 Bb5+ 43.Kd2 Bd4
44.Bc3 Bxc3+ 45.Rxc3 Bf1 46.Ke1  1-0

[Event "TCh-ROU League A 2012"]
[Site "Olanesti ROU"]
[Date "2012.10.07"]
[Round "2.4"]
[White "Stefan,B"]
[Black "Dicu,R"]
[Result "0-1"]
[WhiteElo "2127"]
[BlackElo "2232"]

1.e4 d5 2.exd5 Qxd5 3.Nc3 Qd6 4.d4 Nf6 5.Be2 a6 6.Bf3 Nc6 7.Nge2 e5 8.Bxc6+ Qxc6
9.dxe5 Ng4 10.O-O Bc5 11.Qd5 Qxd5 12.Nxd5 Kd7 13.Bf4 Kc6 14.Rad1 Kd7 15.Ra1 Kc6
16.Rad1 Re8 17.b4 Ba7 18.c4 b5 19.c5 Nxe5 20.Nec3 Bf5 21.Rfe1 f6 22.h3 a5
23.a3 Bc2 24.Rc1 Bb3 25.Bxe5 fxe5 26.Ne3 Rad8 27.Ng4 e4 28.Rxe4 Rxe4 29.Nxe4 axb4
30.axb4 Rd4 31.f3 Rxb4 32.Ne5+ Kd5 33.Nd3 Rc4 34.Ra1 Ra4 35.Rc1 Rc4 36.Ra1 Bxc5+
37.Ndxc5 Rxc5 38.Nxc5 Kxc5 39.Rc1+ Bc4 40.Kf2 Kd4 41.Ke1 Kd3 42.Rd1+ Kc2
43.Rd2+ Kc3 44.Kd1 Bd3 45.Ra2 b4 46.Ra5 b3 47.Rc5+ Kd4 48.Rxc7 b2  0-1

[Event "TCh-ROU League A 2012"]
[Site "Olanesti ROU"]
[Date "2012.10.09"]
[Round "4.6"]
[White "Atomei,C"]
[Black "Sava,Ca"]
[Result "1-0"]
[WhiteElo "1924"]
[BlackElo "2141"]

1.e4 d5 2.exd5 Qxd5 3.Nc3 Qd6 4.d4 c6 5.g3 Nf6 6.Bg2 e6 7.Nge2 Qc7 8.O-O Nbd7
9.Re1 Bd6 10.a3 O-O 11.b4 e5 12.d5 cxd5 13.Nxd5 Nxd5 14.Bxd5 Nf6 15.c4 Nxd5
16.cxd5 Bg4 17.Bb2 f5 18.Qb3 Rae8 19.Nc3 a6 20.Na4 e4 21.Nc5 Rf7 22.Rac1 Qe7
23.Ne6 Qd7 24.a4 h6 25.b5 a5 26.Bc3 Ra8 27.Bd2 Re7 28.Rc2 Qe8 29.Bf4 Qd7
30.Rec1 Bxf4 31.Nxf4 Kh7 32.Ne6 Qd6 33.Rc8 Rxc8 34.Rxc8 f4 35.Rd8 Qe5 36.Nf8+ Kg8
37.Ng6+  1-0

[Event "28th European Club Cup"]
[Site "Eilat ISR"]
[Date "2012.10.11"]
[Round "1.5"]
[White "Pridorozhni,A"]
[Black "Caspi,I"]
[Result "1-0"]
[WhiteElo "2539"]
[BlackElo "2451"]

1.e4 d5 2.exd5 Qxd5 3.Nc3 Qd6 4.d4 c6 5.Nf3 Bg4 6.Be2 Nf6 7.Be3 e6 8.h3 Bh5
9.Ne5 Bxe2 10.Qxe2 Nbd7 11.f4 Be7 12.O-O-O Rf8 13.Kb1 O-O-O 14.Bc1 Qc7 15.a3 a6
16.Rhf1 c5 17.d5 exd5 18.Nxd5 Nxd5 19.Rxd5 Nxe5 20.Rxd8+ Qxd8 21.Qxe5 g6
22.f5 Qd6 23.Qe4 Bf6 24.fxg6 fxg6 25.Qg4+ Qd7 26.Bh6 Rf7 27.Bg5  1-0

[Event "17th European Club Cup w"]
[Site "Eilat ISR"]
[Date "2012.10.13"]
[Round "3.4"]
[White "Lahav,Michal"]
[Black "Ivanova Skripova,T"]
[Result "1/2-1/2"]
[WhiteElo "1732"]
[BlackElo "2173"]

1.e4 d5 2.exd5 Qxd5 3.Nc3 Qd6 4.h3 Nf6 5.d4 c6 6.Nf3 Bf5 7.Be3 Nbd7 8.Qd2 Nd5
9.Nxd5 cxd5 10.Bf4 Qb6 11.c3 e6 12.Be2 Be7 13.Ne5 Nxe5 14.Bxe5 O-O 15.O-O Be4
16.Rfe1 Rac8 17.Bf1 Bg6 18.Bf4 a6 19.Re3 Qa5 20.Qe2 b5 21.a3 Rc6 22.Re1 Qb6
23.Rg3 Bd6 24.Bxd6 Rxd6 25.h4 Qd8 26.Qg4 h5 27.Qf4 Rd7 28.Be2 Kh7 29.Rg5 Qf6
30.Qe3 Rh8 31.Bxh5 Bxh5 32.Rxh5+ Kg8 33.Qe5 Qxe5 34.Rexe5 Rxh5 35.Rxh5 f6
36.g4 g6 37.Rh6 Kg7 38.g5 e5 39.h5 gxh5 40.Rxf6 exd4 41.cxd4 Re7 42.Rd6 Re2
43.Rxd5 Rxb2 44.Rd6 a5 45.Ra6 a4 46.d5 Rb3 47.Rb6 Rxa3 48.Rxb5 Rd3 49.Ra5 Kg6
50.f4 a3 51.d6 Rxd6 52.Rxa3 Kf5 53.Rf3 Kg4 54.Kg2 h4 55.Rf2 Ra6  1/2-1/2

[Event "28th European Club Cup"]
[Site "Eilat ISR"]
[Date "2012.10.14"]
[Round "4.11"]
[White "Verkasalo,T"]
[Black "Caspi,I"]
[Result "0-1"]
[WhiteElo "2185"]
[BlackElo "2451"]

1.e4 d5 2.exd5 Qxd5 3.Nc3 Qd6 4.d4 Nf6 5.Nf3 a6 6.g3 Bg4 7.Bg2 Nc6 8.d5 Ne5
9.Bf4 Nxf3+ 10.Bxf3 e5 11.Bg5 Bxf3 12.Qxf3 Be7 13.O-O-O O-O 14.Bxf6 Qxf6
15.Qxf6 Bxf6 16.d6 cxd6 17.Rxd6 Bg5+ 18.Kb1 Rad8 19.Rhd1 f5 20.a4 e4 21.Ka2 Rxd6
22.Rxd6 Rd8 23.Rxd8+ Bxd8 24.Nd5 Kf7 25.Kb3 Ke6 26.Kc4 Ke5 27.h4 g6 28.b4 h6
29.Kc5 g5 30.hxg5 hxg5 31.c4 f4 32.b5 axb5 33.cxb5 Ba5 34.gxf4+ gxf4 35.Ne7 e3
36.fxe3 fxe3 37.Ng6+ Ke4 38.Nh4 e2 39.Ng2 Kf3 40.Nh4+ Kf2  0-1

[Event "28th European Club Cup"]
[Site "Eilat ISR"]
[Date "2012.10.14"]
[Round "4.6"]
[White "Smirin,I"]
[Black "Kurajica,B"]
[Result "0-1"]
[WhiteElo "2638"]
[BlackElo "2558"]

1.e4 d5 2.exd5 Qxd5 3.Nc3 Qd6 4.d4 Nf6 5.Nf3 g6 6.Nb5 Qb6 7.a4 c6 8.a5 Qd8
9.Nc3 Bg7 10.Bc4 O-O 11.h3 c5 12.d5 Ne8 13.O-O Nd6 14.Bd3 Na6 15.Be3 Nf5
16.Bxf5 Bxf5 17.Qd2 Re8 18.Ra4 e5 19.Ng5 Bd7 20.Raa1 f5 21.d6 Be6 22.f4 Qd7
23.fxe5 Bxe5 24.Bf4 Bd4+ 25.Kh1 Bc4 26.Rfe1 Nb4 27.Nf3 Nc6 28.Nxd4 cxd4 29.Na4 Qf7
30.b3 Bd5 31.Nc5 Rxe1+ 32.Rxe1 b6 33.axb6 axb6 34.Na4 Qb7 35.Bh6 Be4 36.Qg5 Re8
37.Kh2 Ne5 38.Qf6 Qf7 39.d7 Qxd7 40.Qxb6 Bxg2 41.Nc5 Qf7 42.Rxe5 Rxe5 43.Qd6 Re2
44.Kg1 Qe7 45.Qxe7 Rxe7 46.Kxg2 Re2+ 47.Kf3 Rxc2 48.Ne6 Rc3+ 49.Kg2 Rc2+
50.Kf3 d3 51.Bf4 Rc3 52.b4 d2+ 53.Ke2 Rc4 54.b5 Re4+ 55.Kxd2 Rxe6 56.Bc7 Re4
57.Kc3 f4 58.b6 f3 59.Bg3 Kf7 60.Bf2 g5 61.Kd3 Re7 62.Kc4 Re2 63.Kc3 h5 64.Bd4 g4
65.hxg4 hxg4 66.Bf2 Kg6 67.b7 Re8 68.Bg3 f2 69.Bxf2 Rb8  0-1

[Event "17th European Club Cup w"]
[Site "Eilat ISR"]
[Date "2012.10.15"]
[Round "5.3"]
[White "Skripchenko,A"]
[Black "Ivanova Skripova,T"]
[Result "1-0"]
[WhiteElo "2437"]
[BlackElo "2173"]

1.e4 d5 2.exd5 Qxd5 3.Nc3 Qd6 4.d4 Nf6 5.Nf3 c6 6.Ne5 Nbd7 7.Nc4 Qc7 8.Qf3 Nb6
9.Bf4 Qd7 10.Nxb6 axb6 11.Be5 Qf5 12.Qe2 Be6 13.f3 Bd5 14.Qd2 Qe6 15.Ne2 g6
16.Kf2 Qf5 17.Ng3 Qd7 18.c4 Be6 19.Be2 Bg7 20.Rhd1 O-O 21.a4 Rfd8 22.Qe3 h5
23.h4 Kh7 24.b3 Bh6 25.Qc3 Ne8 26.Ne4 f6 27.Bg3 Bf5 28.Kf1 Bxe4 29.fxe4 Ng7
30.d5 cxd5 31.exd5 Nf5 32.Bf2 Qd6 33.g3 Be3 34.Bxe3 Nxg3+ 35.Ke1 Ne4 36.Qd4 Qg3+
37.Bf2 Nxf2 38.Qxf2 Qc3+ 39.Kf1 Qh3+ 40.Kg1 Qxb3 41.Rab1 Qxa4 42.Rxb6 Qd7
43.Rdb1 Ra3 44.Rxb7 Qh3 45.Rxe7+ Kg8 46.Bf1 Qg4+ 47.Bg2 Rf8 48.c5 f5 49.Qb2  1-0

[Event "Advokatfirmaet Finn GpA"]
[Site "Harstad NOR"]
[Date "2012.10.19"]
[Round "2"]
[White "Sahl,S"]
[Black "Zatonskih,A"]
[Result "1/2-1/2"]
[WhiteElo "2234"]
[BlackElo "2499"]

1.e4 d5 2.exd5 Qxd5 3.Nc3 Qd6 4.Bc4 Nf6 5.Nge2 a6 6.d3 b5 7.Bb3 Bb7 8.f3 Nbd7
9.a4 Nc5 10.axb5 Nxb3 11.cxb3 Rd8 12.bxa6 Bxa6 13.d4 e5 14.Ra5 Be7 15.Rxe5 O-O
16.O-O Rd7 17.Re1 Qb6 18.Na4 Qa7 19.Be3 Bd6 20.Rf5 Re8 21.Nec3 Rde7 22.Qd2 Bb4
23.Re5 Bd6 24.Bf2 Qb8 25.Rxe7 Rxe7 26.Rxe7 Bxe7 27.Nc5 Bc8 28.Qd3 c6 29.Bg3 Qa7
30.b4 Qa1+ 31.Qb1 Qa7 32.Bf2 Qb8 33.Qa2 Bd6 34.g3 h5 35.Qa4 h4 36.Qxc6 hxg3
37.hxg3 Bxg3 38.N3e4 Bxf2+ 39.Nxf2 Qg3+ 40.Kf1 Bf5 41.Nce4 Nxe4 42.fxe4 Bh3+
43.Nxh3 Qxh3+ 44.Ke2 Qg2+ 45.Kd3 Qxb2 46.Qe8+ Kh7 47.Qxf7 Qxb4 48.Qh5+ Kg8
49.Qe8+ Kh7 50.Qh5+ Kg8 51.Qd5+ Kh7 52.e5 g5 53.e6 Kg6 54.Qe4+ Kf6 55.Qe5+ Ke7
56.Qxg5+ Kxe6 57.Qg8+ Ke7 58.Qg7+ Kd8 59.Qf6+ Kd7 60.Qf7+ Kd8 61.Qd5+ Kc7
62.Ke4 Qe1+ 63.Kf5 Qf1+ 64.Ke6 Qh3+ 65.Qf5 Qxf5+ 66.Kxf5 Kd6  1/2-1/2

[Event "I Cerrado Ciutat De Manresa"]
[Site "Manresa ESP"]
[Date "2012.10.19"]
[Round "1.2"]
[White "Barbero Senidic,A"]
[Black "Monell Camarasa,D"]
[Result "1/2-1/2"]
[WhiteElo "2348"]
[BlackElo "2259"]

1.e4 d5 2.exd5 Qxd5 3.Nc3 Qd8 4.Bc4 Nf6 5.Nf3 Bf5 6.O-O e6 7.d4 c6 8.Re1 Be7
9.Bf4 Nbd7 10.h3 Nb6 11.Bb3 a5 12.a3 a4 13.Ba2 h6 14.Qe2 O-O 15.g4 Bg6 16.Ne5 Bh7
17.Rad1 Nbd5 18.Nxd5 cxd5 19.c4 dxc4 20.Qxc4 Nd5 21.Bh2 Rc8 22.Qb5 Qb6 23.Qxb6 Nxb6
24.d5 Nxd5 25.Bxd5 exd5 26.Nd7 Bc2 27.Rxd5 Bb3 28.Rd2 Bg5 29.Rde2 Rfd8 30.Nb6 Rc6
31.Re8+ Rxe8 32.Rxe8+ Kh7 33.Nd7 Rc1+ 34.Kg2 Bd5+ 35.Kg3 Rd1 36.f4 Rd3+ 37.Kf2 Bh4+
38.Ke2 Bc4 39.Nf8+ Kg8  1/2-1/2

[Event "Danilo Batricevic Mem Balkan GP"]
[Site "Cetinje MNE"]
[Date "2012.10.20"]
[Round "1.14"]
[White "Mijovic,S"]
[Black "Tomic,Aleksandar"]
[Result "1-0"]
[WhiteElo "2380"]
[BlackElo "1899"]

1.e4 d5 2.exd5 Qxd5 3.Nc3 Qd6 4.d4 Nf6 5.Nf3 a6 6.g3 Bg4 7.Bf4 Qe6+ 8.Be3 Nc6
9.h3 Bxf3 10.Qxf3 O-O-O 11.O-O-O Qd6 12.d5 Ne5 13.Qe2 Ned7 14.Bg2 e5 15.dxe6 Qxe6
16.Qf3 c6 17.Rhe1 Bd6 18.Bb6 Ne5 19.Bxd8 Rxd8 20.Qe2  1-0

[Event "16th Unive Open"]
[Site "Hoogeveen NED"]
[Date "2012.10.20"]
[Round "2"]
[White "Vedder,R"]
[Black "Kasparov,S"]
[Result "1/2-1/2"]
[WhiteElo "2267"]
[BlackElo "2476"]

1.e4 d5 2.exd5 Qxd5 3.Nc3 Qd6 4.d4 Nf6 5.Nf3 c6 6.Ne5 Nbd7 7.f4 Nb6 8.g4 Nbd5
9.Bg2 g6 10.g5 Nxc3 11.bxc3 Nd7 12.O-O h6 13.gxh6 Bxh6 14.Qf3 Nb6 15.a4 Be6
16.Qg3 Bd5 17.Bh3 Nc4 18.Qd3 Bg7 19.Bd7+ Kf8 20.Bg4 Rh4 21.Qg3 Rh7 22.Be2 Qe6
23.Bg4 f5 24.Be2 Nxe5 25.fxe5 Kf7 26.Bg5 Rah8 27.h4 Bh6 28.Rf4 Ke8 29.Kf2 Bc4
30.Bf3 Bd5 31.Be2 Bc4 32.Bf3 Bd5  1/2-1/2

[Event "Danilo Batricevic Mem Balkan GP"]
[Site "Cetinje MNE"]
[Date "2012.10.21"]
[Round "3.16"]
[White "Dabetic,R"]
[Black "Tomic,Aleksandar"]
[Result "1-0"]
[WhiteElo "2288"]
[BlackElo "1899"]

1.e4 d5 2.exd5 Qxd5 3.Nc3 Qd6 4.d4 Nf6 5.Nf3 a6 6.g3 Bg4 7.Bg2 Nc6 8.O-O O-O-O
9.d5 Nb4 10.Bf4 Qc5 11.Be3 Qd6 12.h3 Bh5 13.Qe2 Nbxd5 14.Nxd5 Nxd5 15.Rad1 Qe6
16.Qd2 Qd6 17.Qa5 Qf6 18.Rxd5 Bxf3 19.Rf5 Bxg2 20.Rxf6 Bxf1 21.Rxf7 Bc4 22.Bf4 Rd7
23.Rf5 e6 24.Re5 Rd1+ 25.Re1 Rd7 26.b3 Bd5 27.c4 b6 28.Qc3 Bb7 29.Be3 Bc6
30.Kh2 Rg8 31.Qe5 Bd6 32.Qxe6 Rf8 33.c5 bxc5 34.Qc4 Bb5 35.Qe4 Kb8 36.Qxh7 Bd3
37.Qh5 Rf5 38.Qg4 Rdf7 39.f4 Re7 40.Qd1 Rd5 41.Qc1 c6 42.Bf2 Rb7 43.Re8+ Ka7
44.Qe3 Bg6 45.Re6  1-0

[Event "Copenhagen Cup IMA 2012"]
[Site "Copenhagen DEN"]
[Date "2012.10.21"]
[Round "8.5"]
[White "Tari,A"]
[Black "Danielsen,Hen"]
[Result "1/2-1/2"]
[WhiteElo "2280"]
[BlackElo "2524"]

1.e4 d5 2.exd5 Qxd5 3.Nc3 Qd6 4.d4 Nf6 5.Nf3 c6 6.Be2 Bf5 7.O-O Nbd7 8.Be3 e6
9.Qd2 Qc7 10.Bf4 Bd6 11.Bxd6 Qxd6 12.h3 O-O 13.Bd3 Bxd3 14.Qxd3 a5 15.a4 Rfd8
16.Ne4 Nxe4 17.Qxe4 Qb4 18.b3 Qc3 19.Rac1 Nf6 20.Qe1 Nd5 21.Qxc3 Nxc3 22.Rfe1 b5
23.Re3 b4 24.Kf1 Rac8 25.Rd3 Rd5 26.Nd2 Rcd8 27.Nc4 Rb8 28.Re1 Rb7 29.Re5 Ra7
30.Nb6 Rd8 31.Rc5 Ra6 32.Rxc6 Kh8 33.Rcxc3 bxc3 34.Nc4 h5 35.Ke2 Rd5 36.Ne3 Rd8
37.Nc4 Rd5 38.Ne3 Rd8  1/2-1/2

[Event "TCh-CZE Div1 Vychod 2012-13"]
[Site "Czech Republic CZE"]
[Date "2012.10.21"]
[Round "1.5"]
[White "Stukner,S"]
[Black "Nepomucky,O"]
[Result "0-1"]
[WhiteElo "2158"]
[BlackElo "2266"]

1.e4 d5 2.exd5 Qxd5 3.Nc3 Qd6 4.Bc4 Nf6 5.d3 a6 6.h3 g6 7.Qf3 Bg7 8.Bf4 e5
9.Bg5 O-O 10.O-O-O Nc6 11.Nge2 Nd4 12.Nxd4 exd4 13.Ne4 Nxe4 14.Qxe4 Be6 15.Bf4 Qb6
16.Bxe6 Qxe6 17.Kb1 Qxe4 18.dxe4 c5 19.Bd6 Rfc8 20.Rhe1 Rc6 21.Bg3 Rd8 22.f4 Re8
23.e5 f6 24.exf6 Rxe1 25.Rxe1 Bxf6 26.Kc1 Kf7 27.Kd2 c4 28.b3 b5 29.Bf2 d3
30.Rc1 cxb3 31.cxb3 Rxc1 32.Kxc1 Bc3 33.Be3 Ke6 34.g4 Kd5 35.Bd2 Bd4 36.Kd1 Ke4
37.Ke1 Bc5 38.a4 bxa4 39.bxa4 Bd6 40.f5 gxf5 41.gxf5 Kxf5 42.Kf2 Ke4 43.Bc3 Bf4
44.Ba5 Bg5 45.Ke1 Kf3 46.Bc7 h5 47.Kd1 Kf2 48.h4 Bxh4 49.Kd2 Bg3 50.Bd8 h4
51.Bxh4 Bxh4 52.Kxd3 a5  0-1

[Event "TCh-CZE Div1 Vychod 2012-13"]
[Site "Czech Republic CZE"]
[Date "2012.10.21"]
[Round "1.5"]
[White "Vanek,L"]
[Black "Sobek,J"]
[Result "0-1"]
[WhiteElo "2181"]
[BlackElo "2283"]

1.e4 d5 2.exd5 Qxd5 3.Nc3 Qd6 4.Nf3 Nf6 5.Bc4 a6 6.Qe2 Nc6 7.h3 b5 8.Bb3 Na5
9.d3 e6 10.Bd2 Nxb3 11.axb3 Bb7 12.O-O Be7 13.Bg5 Qc6 14.Rfe1 h6 15.Bxf6 gxf6
16.Qe4 Rg8 17.Qxc6+ Bxc6 18.Ne4 f5 19.Ned2 Bb7 20.Re2 O-O-O 21.Ne1 Bf6 22.Rb1 c5
23.Ndf3 Rg7 24.Kh2 Rdg8 25.g3 h5 26.Re3 h4 27.gxh4 Bd8 28.Ng5 Bc7+ 29.Rg3 Kd7  0-1

[Event "38th Guernsey Open"]
[Site "Guernsey GCI"]
[Date "2012.10.22"]
[Round "2"]
[White "Burrows,M"]
[Black "Wager,John D"]
[Result "1-0"]
[WhiteElo "2108"]
[BlackElo "2023"]

1.e4 d5 2.exd5 Qxd5 3.Nc3 Qd6 4.d4 Nf6 5.Nge2 a6 6.Bf4 Qd8 7.Qd3 g6 8.O-O-O Bg7
9.f3 Nbd7 10.g4 b5 11.g5 Nh5 12.Be3 Bb7 13.Bg2 O-O 14.Ng3 Nxg3 15.hxg3 e5
16.d5 b4 17.Ne4 a5 18.Bh3 Nb6 19.Bxb6 cxb6 20.Qd2 Ra7 21.Bg4 f5 22.gxf6 Bxf6
23.Be6+ Kh8 24.Rxh7+  1-0